00418pam a2200169 a 4500020000500000040002400005041001300029082001500042100002000057245005400077250001400131260002800145300001200173365001200185653003300197700001800230 c aMedical College Lib aENGhENG a618.2bCRE aCreasy, R.K. . aMaternal - Fetal Medicine / chTextual Documents a2nd / b. a : bSaunders , c1989. a69 ; c a3003=00 aMedical Sciencea Obstetrics aResnik, R. .